000 00702nam a2200181Ia 4500
008 100920s9999 xx 000 0 und d
082 _b89471
_a61 थ 63
100 _aपाटील अनंतराव.
245 _aमाझा अमेरिकेचा प्रवास.
260 _bजगताप-कारले प्रकाशन, पुणे 2.
_c1963
300 _a128
_bसाधी
365 _b2.75
520 _aस्थानिक वाचन.
630 _aमाझा अमेरिकेचा प्रवास.
650 _aस्थानिक वाचन.
730 _aमाझा अमेरिकेचा प्रवास.
942 _cBOOK
999 _c729968
_d729965